000 00346cam a2200157ua 4500
001 401
008 131227n II |||gr||||Z||||||eng
040 _aMAIN
041 _aEnglish
082 _a823 WEL
100 _aWELL , ARTHUR S MAX.
245 _aBED TIME STORIES ( 30 IN SERIES)
300 _c18CM.
653 _aEnglish fiction
942 _cBK
999 _c401
_d401